The complete idiot's guide to CD-ROM / (Record no. 9203)
[ view plain ]
| 000 -LEADER | |
|---|---|
| fixed length control field | 01460nac a22003255a 4500 |
| 006 - FIXED-LENGTH DATA ELEMENTS--ADDITIONAL MATERIAL CHARACTERISTICS--GENERAL INFORMATION | |
| fixed length control field | a||||f ||z 00| 0 |
| 008 - FIXED-LENGTH DATA ELEMENTS--GENERAL INFORMATION | |
| fixed length control field | 101019t1995 inua fr 001 0 eng d |
| 010 ## - LIBRARY OF CONGRESS CONTROL NUMBER | |
| LC control number | 94073564 |
| 020 ## - INTERNATIONAL STANDARD BOOK NUMBER | |
| International Standard Book Number | 1567616062 |
| 020 ## - INTERNATIONAL STANDARD BOOK NUMBER | |
| International Standard Book Number | 9781567616064 |
| 040 ## - CATALOGING SOURCE | |
| Original cataloging agency | EG-ScBUE |
| Language of cataloging | eng |
| Transcribing agency | EG-ScBUE |
| 082 04 - DEWEY DECIMAL CLASSIFICATION NUMBER | |
| Classification number | 004.56 |
| Item number | PIV |
| Edition number | 22 |
| 100 1# - MAIN ENTRY--PERSONAL NAME | |
| Personal name | Pivovarnick, John |
| 9 (RLIN) | 20496 |
| 245 14 - TITLE STATEMENT | |
| Title | The complete idiot's guide to CD-ROM / |
| Statement of responsibility, etc | by John Pivovarnick. |
| 250 ## - EDITION STATEMENT | |
| Edition statement | 2nd ed. |
| 260 ## - PUBLICATION, DISTRIBUTION, ETC. (IMPRINT) | |
| Place of publication, distribution, etc | Indianapolis, Indiana : |
| Name of publisher, distributor, etc | Que Corporation, |
| Date of publication, distribution, etc | c.1995. |
| 300 ## - PHYSICAL DESCRIPTION | |
| Extent | xx, 327 p. : |
| Other physical details | ill., photos ; |
| Dimensions | 24 cm. + |
| Accompanying material | 1 CD-ROM (4 3/4 in.) |
| 500 ## - GENERAL NOTE | |
| General note | Index : p. 315-327. |
| 500 ## - GENERAL NOTE | |
| General note | Glossary : p. 305-314. |
| 500 ## - GENERAL NOTE | |
| General note | "This book remains dedicated to the memory of Langston Earley (1953-1993), devoted partner, friend, source of inspiration, and a glorious toy-brain in his own right." |
| 500 ## - GENERAL NOTE | |
| General note | Cover : "For those of us who are clearly intellectually superior, CD-ROMs are quite simple. The rest of you, however, should consider this book." |
| 500 ## - GENERAL NOTE | |
| General note | Cover: " Quick and easy multimedia for beginners and beyond - Idiot-proof steps to buying and setting up a CD-ROM drive, using multimedia software, and more - Down-to-earth advice when the going gets tough". |
| 590 ## - LOCAL NOTE (RLIN) | |
| Local note | shaimaa |
| 650 #0 - SUBJECT ADDED ENTRY--TOPICAL TERM | |
| Topical term or geographic name as entry element | CD-ROMs. |
| 9 (RLIN) | 20497 |
| Source of heading or term | BUEsh |
| 650 #0 - SUBJECT ADDED ENTRY--TOPICAL TERM | |
| Topical term or geographic name as entry element | Optical storage devices |
| Source of heading or term | BUEsh |
| 651 ## - SUBJECT ADDED ENTRY--GEOGRAPHIC NAME | |
| Source of heading or term | BUEsh |
| 653 ## - INDEX TERM--UNCONTROLLED | |
| Resource For college | Informatics and Computer Science |
| Arrived date list | August2015 |
| 655 ## - INDEX TERM--GENRE/FORM | |
| Form subdivision | |
| -- | 34232 |
| 942 ## - ADDED ENTRY ELEMENTS (KOHA) | |
| Item type | Book - Borrowing |
| Call number prefix | 004.56 PIV |
| Source of classification or shelving scheme | Dewey Decimal Classification |
| Withdrawn status | Item status | Source of classification or shelving scheme | Damaged status | Not for loan | Vendor | Home library | Current library | Shelving location | Date acquired | Source of acquisition | Total Checkouts | Full call number | Barcode | Date last seen | Koha item type |
|---|---|---|---|---|---|---|---|---|---|---|---|---|---|---|---|
| Dewey Decimal Classification | Central Library | Central Library | Lower Floor | 20/04/2008 | 004.56 PIV | 000011177 | 15/07/2025 | Book - Borrowing | |||||||
| Dewey Decimal Classification | Central Library | Central Library | Lower Floor | 19/10/2010 | 004.56 PIV | 000022422 | 24/08/2022 | CD | DVD - With book |